000
00418nam a22001217a 4500
040
_c
HS
082
_a
346
100
_a
នុត ចន្ថា
245
_a
កំរងលិខិតបទដ្ឋានស្តីពីបមាណី និងការគ្រប់គ្រងសម្ភារៈកសិកម្ម
260
_a
Cambodia
_b
នុត ចន្ថា
_c
NA
300
_a
18p;
942
_c
KB
999
_c
10235
_d
10235